MDQL
is popping MORE tags! Check the
thread
!
Quizzes
Events
Quiz Creation
Community
Videos
Private Events
Remove Ads
Sign In
Join for FREE
Feedback
Dark Mode
Quiz Categories
Sports
Geography
Music
Movies
Television
Just For Fun
Miscellaneous
History
Literature
Language
Science
Gaming
Entertainment
Religion
Holiday
For Kids
Quiz Lab
Recent
Popular Today
Quiz Kudos Today
Editor Picks
Curator Picks
Quizzes by...
Day
Popularity
Type
Ratings
Length
Year
Community
Subscriptions
Recent Discussions
Orange Saloon
Badges
Playlists
Quests
Create
Leaderboards
Showdown
Live 5
Trivia Bingo
Activity
Puzzle Library
Sporcle Events
Private Events
Virtual Trivia
Globe League
Become a Host
Pub Owners
SporcleCon
Opinionation
Our Games
Videos
Blog
Mobile Apps
Partnerships
Remove Ads and Go Orange
Feedback
Sports
Athletes
MLB
NBA
NHL
NFL
Soccer
Sports Teams
WWE
NCAA
Football
Premier League
Basketball
Baseball
Hockey
Golf
Tennis
Cricket
Rugby
Auto Racing
Olympics
World Cup
Sports
Athletes
MLB
NBA
NHL
NFL
Soccer
Sports Teams
WWE
NCAA
Football
Premier League
Basketball
Baseball
Hockey
Golf
Tennis
Cricket
Rugby
Auto Racing
Olympics
World Cup
Random Quiz
Search Sporcle
×
Quiz Lab
Quiz Lab
Sports
Losing
Type in answers that appear in a list
Type in answers that appear in a list
Classic
Best Score? Go Orange.
Super Bowl Losing teams Stats
Can you name the Super Bowl Losing teams?
By
laclasede2010
6m
44 Questions
322 Plays
322 Plays
322 Plays
Comments
Comments
Give Quiz Kudos
Give Quiz Kudos
-
- Ratings
hide this ad
Forced Order
Answers have to be entered in order
Answers have to be entered in order
Replay
Link that replays current quiz
Next Quiz
Link to next quiz in quiz playlist
You Got
0%
They Got
Avg Score
71%
Avg Friend Score
Upgrade to see
Score Distribution
Jump to the score distribution portion of the page
Score
0/44
Timer
06:00
0
Plays Today
Super Bowl
Team
% Correct
I
Kansas City Chiefs
88.2%
III
Baltimore Colts
83.5%
XLII
New England Patriots
82.3%
XXVII
Buffalo Bills
80.4%
XLI
Chicago Bears
80.4%
XXV
Buffalo Bills
80.1%
XXVI
Buffalo Bills
80.1%
XXVIII
Buffalo Bills
79.8%
II
Oakland Raiders
78.9%
XXXII
Green Bay Packers
77.6%
XXXVII
Oakland Raiders
77.6%
XL
Seattle Seahawks
77.3%
XXXIX
Philadelphia Eagles
76.7%
IV
Minnesota Vikings
76.4%
XXXIV
Tennessee Titans
75.8%
XXXV
New York Giants
75.8%
XXXVI
St. Louis Rams
75.5%
XXXI
New England Patriots
75.2%
XXXVIII
Carolina Panthers
75.2%
V
Dallas Cowboys
73.9%
XXX
Pittsburgh Steelers
73.3%
XX
New England Patriots
72.4%
Super Bowl
Team
% Correct
VIII
Minnesota Vikings
71.4%
IX
Minnesota Vikings
71.1%
X
Dallas Cowboys
71.1%
XXXIII
Atlanta Falcons
71.1%
XXIX
San Diego Chargers
70.8%
XXIII
Cincinnati Bengals
69.3%
XXI
Denver Broncos
68.9%
XXIV
Denver Broncos
68.9%
XIII
Dallas Cowboys
68%
XXII
Denver Broncos
67.7%
XI
Minnesota Vikings
67.1%
VI
Miami Dolphins
64.9%
VII
Washington Redskins
64%
XV
Philadelphia Eagles
63.7%
XIV
Los Angeles Rams
63.4%
XVI
Cincinnati Bengals
62.4%
XVIII
Washington Redskins
60.9%
XIX
Miami Dolphins
60.9%
XVII
Miami Dolphins
60.2%
XII
Denver Broncos
59.9%
XLIII
Arizona Cardinals
55.6%
XLIV
Indianapolis Colts
36.6%
Quiz Playlist
Details
Report
Send in Message
Add To Playlist
Classic:
Type in answers that appear in a list
Forced Order:
Answers have to be entered in order
Quiz Source
Last Updated: Feb 16, 2017
Quiz Scoreboard
CHALLENGE
Sign Up to Join the Scoreboard
Show All
Scores
Hide
Comments
May contain spoilers
Recently Published
5x2 Blitz: Bands
by SL_Kpop136
Music
30s
Colored Red Africa Blitz
by spor1
Geography
30s
Find the 'City' Movie
by crazypaving
Movies
60s
More to Explore
Quiz From the Vault
Featured Blog Post
14 Easter Pick-up Lines to Find Eggs With
hide this ad
You Might Also Like...
Tags
Bowl
Losing
Super Bowl
team
Today's Top Quizzes in Sports
Browse Sports
hide this ad
Today's Top Quizzes in Losing
Browse Losing
Top Contributed Quizzes in Sports
1
Les entraîneurs de l'OM et du PSG au 21e siècle
2
Les meilleurs buteurs des matchs entre le PSG et l’OM
3
Players with Multiple 50 Home Run Seasons
4
2022 World Cup Stars
5
Les joueurs passés par le PSG et l'OM
6
NBA Logic Puzzle 2.0
7
Criteria MLB: Left Handed Sluggers
8
MLB Players with Two .350 Batting Average Seasons
9
Top 10 NHL Goal Scorers of All Time
10
Who Hit More Homers?
Explore More
Trending Topics
Anime
Marvel
Disney
Crossword
NBA
Harry Potter
Kpop
NFL
Country
Puzzle
WWE
Pokémon
Soccer
The Office
Song
hide this ad
More By:
laclasede2010
Quiz
Plays
Rating
Category
Featured
Created
Super Bowl Losing teams
322
3.71
Sports
Oct 19, 2009
Go to Creator's Profile
Score Distribution
Quiz Creator Spotlight
laclasede2010
Follow
Send a Message
Quizzes Created
-
Created Quiz Play Count
-
More By This Creator
Popular Quizzes Today
1
Colored Red Africa Blitz
2
Find the 'City' Movie
3
Find the US States - No Outlines Minefield
4
5x2 Blitz: Bands
5
The Countries of the World
6
Find the US States
7
Find the Countries of Europe - No Outlines Minefield
8
US States
More Sports Quizzes
BOO! Every Masked Champion in WWE-WCW-TNA History!
Curator's Pick
Trending Quizzes
Colored Red Europe Blitz I
Colored Red Europe Blitz II
Colored Red Africa Blitz II
Colored Red Europe Blitz III
Colored Red Africa Blitz III
Recently Updated
How Do You Spell That?
pecheneg
Godzilla Movies
pecheneg
Grab Bag: 4-10 Letters
pecheneg
2024 March Madness Bracket
pecheneg
Famous TV Couples
Peacemaker
Champions League XIs: Real Madrid
pecheneg
Largest US Cities 1790-2010
pecheneg
Rides in Walt Disney World
pecheneg
Most Oscar Losses (Acting)
pecheneg
Beyoncé Albums
pecheneg
Trending Topics
Disney
Harry Potter
Kpop
NBA
Marvel
Crossword
Anime
Soccer
WWE
Pokémon
Country
Puzzle
NFL
The Office
Song
Your Account Isn't Verified!
In order to create a playlist on Sporcle, you need to verify the email address you used during registration. Go to your
Sporcle Settings
to finish the process.
Report this User
Report this user for behavior that violates our
Community Guidelines
.
Details:
Send Report
Go to the Sporcle.com Mobile Site →
Comments